Last Names of NBA's Top 100 2018-2019 - Statistics

General Stats
  • This quiz has been taken 529 times
  • The average score is 71 of 100
Answer Stats
Hint Answer % Correct
Steph Curry
100%
Lebron James
100%
James Harden
99%
Kawhi Leonard
98%
Jimmy Butler
97%
Anthony Davis
97%
Kevin Durant
97%
Joel Embiid
97%
Chris Paul
97%
Russell Westbrook
97%
Draymond Green
96%
Kyrie Irving
96%
Damian Lillard
96%
Klay Thompson
96%
Karl-Anthony Towns
96%
Paul George
95%
Nikola Jokic
94%
Kemba Walker
94%
Donovan Mitchell
93%
Demarcus Cousins
92%
Demar DeRozan
92%
Jrue Holiday
92%
Bradley Beal
91%
Rudy Gobert
91%
Ben Simmons
91%
Jayson Tatum
90%
Lamarcus Aldridge
89%
Blake Griffin
89%
Al Horford
89%
Kristaps Porzingis
89%
Gary | Tobias Harris
87%
DeAndre Jordan
87%
Victor Oladipo
87%
Devin Booker
86%
Jaylen Brown
86%
Luka Doncic
84%
Marc Gasol
84%
Aaron | Eric Gordon
84%
Gordon Hayward
84%
Lonzo Ball
83%
Clint Capela
83%
CJ McCollum
83%
Khris Middleton
83%
Lou Williams
82%
Giannis Antetokounmpo
81%
John Wall
79%
Otto Porter
77%
Goran Dragic
76%
Harrison Barnes
75%
Myles Turner
75%
Steven Adams
74%
Dwight Howard
74%
Jusuf Nurkic
72%
Ricky Rubio
71%
Thaddeus Young
71%
Serge Ibaka
69%
Brook Lopez
69%
Jamal Murray
69%
Julius Randle
68%
Hassan Whiteside
68%
Kevin Love
67%
Kyle Lowry
67%
P.J. Tucker
65%
Andre Drummond
64%
Tyreke Evans
64%
Lauri Markkanen
64%
JJ Redick
64%
Enes Kanter
62%
Dario Saric
62%
Andrew Wiggins
62%
Avery Bradley
60%
Brandon Ingram
59%
Spencer Dinwiddie
56%
Marcus Smart
56%
Nikola Vucevic
55%
Fred VanVleet
54%
Tervor Ariza
53%
Mike Conley
50%
Terry Rozier
50%
Andre Iguodala
47%
Jonas Valanciunas
45%
T.J. Warren
44%
Nicolas Batum
42%
Marvin Bagley
39%
Will Barton
37%
Darren Collison
37%
Robert Covington
37%
Eric Bledsoe
36%
Joe Ingles
35%
Deandre Ayton
34%
Derrick Favors
32%
Kyle Kuzma
32%
Paul Millsap
29%
Jeff Teague
28%
John Collins
25%
Nikola Mirotic
25%
Andre Roberson
22%
Josh Richardson
17%
No matching quizzes found
Score Distribution
Percent of People with Each Score
Percentile by Number Answered
Your Score History
You have not taken this quiz